000 01232cam a2200349 a 4500
999 _c129307
_d129307
001 3567843
003 ARRUPE
005 20190329103954.0
008 971009s1997 enk b 001 0 eng d
010 _a 98150406
020 _a1855750953
035 _a(OCoLC)37770539
040 _aDNLM
_cDNLM
_dDLC
042 _alccopycat
050 0 0 _aRC488.5
_b.D333 1997
060 0 0 _a1997 H-527
060 1 0 _aWM 430.5.F2
_bD147i 1997
082 0 0 _a616.89/156
_221
100 1 _aDallos, Rudi,
_d1948-
_945543
245 1 0 _aInteracting stories :
_bnarratives, family beliefs, and therapy /
_cRudi Dallos ; foreword by Arlene Vetere.
260 _aLondon :
_bKarnac Books,
_c1997.
300 _axv, 237 p. ;
_c23 cm.
440 0 _aSystemic thinking and practice series
_945544
504 _aIncludes bibliographical references (p. 221-229) and index.
650 0 _aFamily psychotherapy.
_945329
650 1 2 _aFamily Therapy.
_945545
906 _a7
_bcbc
_ccopycat
_d2
_encip
_f19
_gy-gencatlg
942 _2lcc
_cMONOGRAPH